[Event "Oberliga Ost-A 2122"]
[Site "Germany"]
[Date "2022.04.02"]
[Round "10.7"]
[White "Gerhardt, Dirk"]
[Black "Hutsch, Oliver"]
[Result "0-1"]
[WhiteElo "1814"]
[BlackElo "2142"]
[PlyCount "84"]
[EventDate "2021.10.10"]
[EventType "team-tourn"]
[EventRounds "11"]
[EventCountry "GER"]
[SourceTitle "EXT 2023"]
[Source "ChessBase"]
[SourceDate "2022.10.05"]
[SourceVersion "1"]
[SourceVersionDate "2022.10.05"]
[SourceQuality "1"]
[WhiteTeam "Leipzig VfB"]
[BlackTeam "Dresden Gruen Weiss"]
[WhiteTeamCountry "GER"]
[BlackTeamCountry "GER"]

1. d4 Nf6 2. Nf3 e6 3. Bg5 Be7 4. Nbd2 d5 5. e3 Nbd7 6. Bd3 c6 7. c3 0-0 8. 0-0 Re8 9. Ne5 Nxe5 10. dxe5 Nd7 11. Bxe7 Qxe7 12. f4 Nf8 13. Qh5 g6 14. Qh6 Nd7 15. h4 Qf8 16. Qxf8+ Kxf8 17. h5 b6 18. Kf2 Nc5 19. Bc2 Ba6 20. Rh1 Bd3 21. Rac1 a5 22. Kg3 Ke7 23. hxg6 hxg6 24. Nb3 Ne4+ 25. Kf3 Bxc2 26. Rxc2 g5 27. g4 gxf4 28. exf4 Rh8 29. Rch2 Rxh2 30. Rxh2 c5 31. Na1 b5 32. Nc2 Rc8 33. Ne3 c4 34. f5 Nc5 35. f6+ Kd7 36. g5 Rg8 37. Rh7 Ke8 38. Rg7 Kf8 39. Rxg8+ Kxg8 40. Ng4 Kh7 41. Nf2 Kg6 42. Kg4 Nd3 0-1

[Event "Vellmar op 10th"]
[Site "Vellmar"]
[Date "2018.07.14"]
[Round "4"]
[White "Ruhl, Marcel"]
[Black "Gerhardt, Dirk"]
[Result "1-0"]
[WhiteElo "1721"]
[BlackElo "1904"]
[PlyCount "55"]
[EventDate "2018.07.12"]
[EventType "swiss"]
[EventRounds "7"]
[EventCountry "GER"]
[SourceTitle "CBM 185 Extra"]
[Source "ChessBase"]
[SourceDate "2018.07.29"]
[SourceVersion "1"]
[SourceVersionDate "2018.07.29"]
[SourceQuality "1"]

1. d4 d5 2. c4 e6 3. Nc3 f5 4. Nf3 Nf6 5. Bf4 c6 6. e3 Be7 7. Be2 0-0 8. 0-0 Nbd7 9. c5 Ne4 10. Nxe4 dxe4 11. Ne5 Bf6 12. Nxd7 Bxd7 13. Bd6 Re8 14. Qb3 b5 15. a4 a6 16. f4 Kh8 17. Bh5 g6 18. Be2 Rg8 19. Be5 Qe7 20. Qc3 g5 21. g3 gxf4 22. exf4 Kg7 23. b4 Rgc8 24. a5 Be8 25. Kf2 Bxe5 26. dxe5 Rd8 27. Rad1 Rd7 28. Rd6 1-0

[Event "Vellmar op 9th"]
[Site "Vellmar"]
[Date "2017.07.16"]
[Round "7"]
[White "Gerhardt, Dirk"]
[Black "Hoffmann, Lennard"]
[Result "1/2-1/2"]
[WhiteElo "1878"]
[BlackElo "1990"]
[PlyCount "156"]
[EventDate "2017.07.13"]
[EventType "swiss"]
[EventRounds "7"]
[EventCountry "GER"]
[SourceTitle "CBM 179 Extra"]
[Source "ChessBase"]
[SourceDate "2017.08.23"]
[SourceVersion "1"]
[SourceVersionDate "2017.08.23"]
[SourceQuality "1"]

1. d4 f5 2. Nf3 Nf6 3. c3 g6 4. Bg5 Bg7 5. Nbd2 0-0 6. Bxf6 exf6 7. e3 Re8 8. Qb3+ Kh8 9. g3 Nc6 10. Bg2 b6 11. d5 Ne5 12. 0-0 Bb7 13. Nd4 Nd3 14. Qc2 Ne5 15. b4 c5 16. Nb5 d6 17. bxc5 dxc5 18. c4 a6 19. Nc3 b5 20. cxb5 axb5 21. Nxb5 Bxd5 22. Bxd5 Qxd5 23. Nc7 Qxd2 24. Qxd2 Nf3+ 25. Kg2 Nxd2 26. Rfd1 Ne4 27. Nxe8 Rxe8 28. a4 f4 29. gxf4 f5 30. Rac1 Nc3 31. Rd7 Nxa4 32. Ra7 Nc3 33. Rxg7 Kxg7 34. Rxc3 Rc8 35. f3 Kf6 36. e4 Ke6 37. Kf2 Kd6 38. Ke3 Kc6 39. Kd2 Kb5 40. e5 c4 41. Re3 Kc5 42. Kc3 Re8 43. Re1 Re7 44. h4 h6 45. Rg1 Rd7 46. Re1 Re7 47. Ra1 Rd7 48. Ra5+ Kb6 49. e6 Re7 50. Re5 Kc6 51. Kxc4 Kd6 52. h5 gxh5 53. Rxf5 Kxe6 54. Rxh5 Rh7 55. Kd4 Kf6 56. Ke4 Kg6 57. Re5 h5 58. f5+ Kf6 59. Re6+ Kf7 60. Ra6 Rh8 61. Ke5 Re8+ 62. Kf4 Re1 63. Kg5 Rg1+ 64. Kxh5 Rg3 65. f4 Rg1 66. Kh4 Rh1+ 67. Kg3 Rg1+ 68. Kf2 Rb1 69. Kf3 Rf1+ 70. Ke3 Re1+ 71. Kf2 Rb1 72. Re6 Rb2+ 73. Kf3 Rb1 74. Rd6 Rf1+ 75. Ke3 Re1+ 76. Kf2 Ra1 77. f6 Ra3 78. Ke2 Rb3 1/2-1/2

[Event "Vellmar op 9th"]
[Site "Vellmar"]
[Date "2017.07.14"]
[Round "2"]
[White "Garbe, Ralf"]
[Black "Gerhardt, Dirk"]
[Result "1/2-1/2"]
[WhiteElo "2213"]
[BlackElo "1878"]
[PlyCount "49"]
[EventDate "2017.07.13"]
[EventType "swiss"]
[EventRounds "7"]
[EventCountry "GER"]
[SourceTitle "CBM 179 Extra"]
[Source "ChessBase"]
[SourceDate "2017.08.23"]
[SourceVersion "1"]
[SourceVersionDate "2017.08.23"]
[SourceQuality "1"]

1. Nf3 d5 2. g3 c6 3. Bg2 Nf6 4. 0-0 g6 5. b3 Bg7 6. Bb2 0-0 7. d3 c5 8. c4 dxc4 9. bxc4 Nc6 10. Nbd2 Nd4 11. Nxd4 cxd4 12. Rb1 Rb8 13. Ba3 Re8 14. Qa4 a6 15. Qc2 Ng4 16. h3 Ne5 17. Rb2 Qa5 18. Bb4 Qc7 19. Rfb1 b6 20. c5 b5 21. Nf3 Nxf3+ 22. exf3 Bb7 23. Qd2 Bd5 24. f4 Bxg2 25. Kxg2 1/2-1/2

[Event "Vellmar op 9th"]
[Site "Vellmar"]
[Date "2017.07.14"]
[Round "3"]
[White "Gerhardt, Dirk"]
[Black "Wiewesiek, Timo"]
[Result "1/2-1/2"]
[WhiteElo "1878"]
[BlackElo "1993"]
[PlyCount "58"]
[EventDate "2017.07.13"]
[EventType "swiss"]
[EventRounds "7"]
[EventCountry "GER"]
[SourceTitle "CBM 179 Extra"]
[Source "ChessBase"]
[SourceDate "2017.08.23"]
[SourceVersion "1"]
[SourceVersionDate "2017.08.23"]
[SourceQuality "1"]

1. d4 Nf6 2. Nf3 d6 3. c3 g6 4. Bg5 Bg7 5. Nbd2 0-0 6. e4 Nbd7 7. Bc4 e5 8. dxe5 dxe5 9. 0-0 c6 10. Qc2 Qc7 11. Rad1 Nc5 12. Be3 Ne6 13. h3 h6 14. Bb3 Nf4 15. Kh2 b6 16. Nc4 Ne8 17. Ng1 c5 18. Qd2 h5 19. g3 Ne6 20. Na3 Ba6 21. Bxe6 fxe6 22. Rfe1 Nf6 23. f3 Rad8 24. Qc2 Kf7 25. Rxd8 Rxd8 26. Rd1 Rd7 27. Kg2 Bf8 28. Qa4 Rxd1 29. Qxd1 Qd7 1/2-1/2

[Event "Leipzig VfB op 24th"]
[Site "Leipzig"]
[Date "2017.03.21"]
[Round "1"]
[White "Gerhardt, Dirk"]
[Black "Kauder, Wilfried"]
[Result "1-0"]
[WhiteElo "1886"]
[BlackElo "1209"]
[PlyCount "41"]
[EventDate "2017.03.21"]
[EventType "swiss"]
[EventRounds "9"]
[EventCountry "GER"]
[SourceTitle "EXT 2018"]
[Source "ChessBase"]
[SourceDate "2017.10.13"]
[SourceVersion "1"]
[SourceVersionDate "2017.10.13"]
[SourceQuality "1"]

1. Nf3 e6 2. d4 Be7 3. e4 Nf6 4. Nbd2 d5 5. Bd3 dxe4 6. Nxe4 Nxe4 7. Bxe4 c5 8. 0-0 cxd4 9. Qxd4 Qxd4 10. Nxd4 0-0 11. Nb5 a6 12. Nc7 Ra7 13. Be3 b6 14. Bxb6 Rxc7 15. Bxc7 Bd7 16. Rfd1 Rc8 17. Bxb8 Rxb8 18. Rxd7 Rxb2 19. Rxe7 Kf8 20. Rb7 Rxb7 21. Bxb7 1-0

[Event "Leipzig VfB op 22nd"]
[Site "Leipzig"]
[Date "2015.03.04"]
[Round "3"]
[White "Mertens, Lothar"]
[Black "Gerhardt, Dirk"]
[Result "0-1"]
[WhiteElo "1685"]
[BlackElo "1976"]
[PlyCount "112"]
[EventDate "2015.03.03"]
[EventType "swiss"]
[EventRounds "9"]
[EventCountry "GER"]
[SourceTitle "EXT 2016"]
[Source "ChessBase"]
[SourceDate "2015.10.08"]
[SourceVersion "1"]
[SourceVersionDate "2015.10.08"]
[SourceQuality "1"]

1. e4 g6 2. d4 c6 3. b3 Bg7 4. Bb2 d5 5. e5 b6 6. f4 h5 7. Nf3 Ba6 8. Bxa6 Nxa6 9. Qe2 Nc7 10. Ng5 e6 11. h4 Ne7 12. Qd3 Nf5 13. Rh3 b5 14. Ba3 Na6 15. Nd2 Qb6 16. Ndf3 Qa5+ 17. b4 Nxb4 18. Bxb4 Qxb4+ 19. c3 Qa4 20. Nd2 Bf8 21. Nb3 Be7 22. Qd2 Rc8 23. Rb1 c5 24. dxc5 Bxg5 25. Nd4 Nxd4 26. cxd4 Be7 27. Rb4 Qa5 28. Qb2 Rb8 29. Kf1 0-0 30. a4 a6 31. Ra3 Qc7 32. axb5 axb5 33. Rab3 Bxh4 34. Rxb5 Rxb5 35. Rxb5 Rc8 36. Qb4 Bd8 37. Kg1 Ra8 38. Qb2 Qc8 39. g3 Bc7 40. Rb7 Ra1+ 41. Qxa1 Qxb7 42. Qd1 Qb4 43. Qa1 Ba5 44. c6 Qb6 45. Qa4 Qc7 46. Kf2 Kg7 47. Kg2 Bb6 48. Kf3 Bxd4 49. Qxd4 Qxc6 50. Qd3 Qc4 51. Qd1 Qc3+ 52. Kf2 d4 53. Qe2 d3 54. Qd1 Qc2+ 55. Ke1 g5 56. fxg5 Qxd1+ 0-1

[Event "Oberliga Ost-A 1011"]
[Site "Germany"]
[Date "2011.04.10"]
[Round "11.8"]
[White "Gerhardt, Dirk"]
[Black "Bunke, Wilfried"]
[Result "0-1"]
[WhiteElo "2000"]
[BlackElo "2036"]
[PlyCount "70"]
[EventDate "2010.10.24"]
[EventType "team-tourn"]
[EventRounds "11"]
[EventCountry "GER"]
[SourceTitle "EXT 2012"]
[Source "ChessBase"]
[SourceDate "2011.11.24"]
[SourceVersion "1"]
[SourceVersionDate "2011.11.24"]
[SourceQuality "1"]
[WhiteTeam "Leipzig Lok"]
[BlackTeam "Jena Schott"]
[WhiteTeamCountry "GER"]
[BlackTeamCountry "GER"]

1. c4 Nf6 2. Nc3 e6 3. g3 d5 4. Bg2 c6 5. b3 Be7 6. Nf3 0-0 7. 0-0 Nbd7 8. d4 b6 9. Nd2 Bb7 10. f4 c5 11. e3 Rc8 12. cxd5 exd5 13. Bb2 Re8 14. Nf3 Ne4 15. Nxe4 dxe4 16. Ne5 f6 17. Nc4 b5 18. Na3 Qa5 19. Nc2 c4 20. bxc4 bxc4 21. Rf2 Nb6 22. Qe1 c3 23. Bc1 f5 24. Bf1 Bd5 25. a3 Rb8 26. Rb1 Na4 27. Rxb8 Rxb8 28. Nb4 Bxb4 29. axb4 Qxb4 30. Bh3 Nb2 31. Qf1 Nd3 32. Bxf5 Nxf2 33. Kxf2 Qa4 34. Qe2 Rb1 35. Bxh7+ Kf8 0-1

[Event "Oberliga Ost-A 0910"]
[Site "Germany"]
[Date "2009.11.29"]
[Round "4.8"]
[White "Mucha, Annegret"]
[Black "Gerhardt, Dirk"]
[Result "1-0"]
[WhiteElo "1980"]
[BlackElo "2016"]
[PlyCount "99"]
[EventDate "2009.10.18"]
[EventType "team-tourn"]
[EventRounds "11"]
[EventCountry "GER"]
[SourceTitle "EXT 2011"]
[Source "ChessBase"]
[SourceDate "2010.11.26"]
[SourceVersion "1"]
[SourceVersionDate "2010.11.26"]
[SourceQuality "1"]
[WhiteTeam "Jena Jenapharm"]
[BlackTeam "Leipzig Lok II"]
[WhiteTeamCountry "GER"]
[BlackTeamCountry "GER"]

1. e4 g6 2. Nc3 Bg7 3. f4 c6 4. Nf3 d5 5. e5 Bg4 6. h3 Bxf3 7. Qxf3 e6 8. g3 Ne7 9. Bg2 Nd7 10. 0-0 Nf5 11. Rb1 Qb6+ 12. Kh2 h5 13. d3 g5 14. Qf2 gxf4 15. gxf4 Bf8 16. Ne2 Be7 17. c3 Bh4 18. Qxb6 axb6 19. a3 Nc5 20. Rf3 Nb3 21. d4 Ke7 22. Rd3 Rag8 23. Be3 Nxe3 24. Rxe3 Nd2 25. Ra1 Nc4 26. Rf3 Nxb2 27. Nc1 Ra8 28. Bf1 b5 29. Nb3 b6 30. Nd2 Kd7 31. f5 Be7 32. Be2 Nc4 33. Nxc4 bxc4 34. a4 c5 35. fxe6+ fxe6 36. dxc5 Bxc5 37. Rf7+ Be7 38. Bd1 Raf8 39. Rxf8 Bxf8 40. a5 Bg7 41. Ba4+ Kc7 42. axb6+ Kxb6 43. Re1 Kc7 44. Kg2 h4 45. Bd1 Ra8 46. Kf3 Ra3 47. Kg4 Rxc3 48. Kxh4 Rc1 49. Kg5 Kd7 50. Ba4+ 1-0

[Event "Leipzig VfB op 16th"]
[Site "Leipzig"]
[Date "2009.04.04"]
[Round "8"]
[White "Schuetzhold, Frank"]
[Black "Gerhardt, Dirk"]
[Result "1/2-1/2"]
[WhiteElo "1898"]
[BlackElo "2056"]
[PlyCount "75"]
[EventDate "2009.03.31"]
[EventType "swiss"]
[EventRounds "9"]
[EventCountry "GER"]
[SourceTitle "EXT 2010"]
[Source "ChessBase"]
[SourceDate "2010.11.25"]
[SourceVersion "1"]
[SourceVersionDate "2010.11.25"]
[SourceQuality "1"]

1. b3 d5 2. Bb2 Nf6 3. e3 Nc6 4. Bb5 e6 5. f4 Ne4 6. Nf3 a6 7. Bxc6+ bxc6 8. d3 Nd6 9. Qe2 Bb7 10. 0-0 h6 11. Nbd2 Rg8 12. Kh1 g5 13. fxg5 hxg5 14. Ne5 Qe7 15. Ng4 0-0-0 16. Bf6 Qe8 17. Bxd8 Qxd8 18. e4 Bg7 19. e5 Nf5 20. Rac1 Rh8 21. Kg1 Bf8 22. c3 d4 23. c4 Ba3 24. Rb1 Bb4 25. Ne4 c5 26. Ng3 Nh4 27. Ne4 Nf5 28. Rf2 Kb8 29. Ra1 Rh4 30. Ng3 Ne3 31. Nxe3 dxe3 32. Rxf7 Qd4 33. Rd1 Qxe5 34. Nf1 Bc3 35. g3 Rxh2 36. Nxh2 Qxg3+ 37. Kf1 Qh3+ 38. Kg1 1/2-1/2

[Event "Oberliga Ost-A 0708"]
[Site "Germany"]
[Date "2008.04.06"]
[Round "9.8"]
[White "Schellig, Andreas"]
[Black "Gerhardt, Dirk"]
[Result "1/2-1/2"]
[WhiteElo "2168"]
[BlackElo "2024"]
[PlyCount "57"]
[EventDate "2007.09.23"]
[EventType "team-tourn"]
[EventRounds "11"]
[EventCountry "GER"]
[SourceTitle "EXT 2009"]
[Source "ChessBase"]
[SourceDate "2008.11.26"]
[SourceVersion "1"]
[SourceVersionDate "2008.11.26"]
[SourceQuality "1"]
[WhiteTeam "Leipzig Gohlis II"]
[BlackTeam "Leipzig Lok II"]
[WhiteTeamCountry "GER"]
[BlackTeamCountry "GER"]

1. d4 d5 2. Nf3 e6 3. Bf4 Nf6 4. e3 Be7 5. Bd3 Ne4 6. Nbd2 f5 7. Ne5 0-0 8. Bxe4 fxe4 9. 0-0 Nd7 10. f3 Nxe5 11. Bxe5 exf3 12. Rxf3 Bd6 13. Rxf8+ Qxf8 14. Qh5 Qf7 15. Qxf7+ Kxf7 16. Rf1+ Kg8 17. Bxd6 cxd6 18. e4 Bd7 19. exd5 exd5 20. Nb1 Re8 21. Nc3 Bc6 22. Kf2 Rf8+ 23. Ke1 Rxf1+ 24. Kxf1 Kf7 25. Kf2 Ke6 26. Kf3 Be8 27. Ne2 Bh5+ 28. g4 Bf7 29. Nf4+ 1/2-1/2

[Event "Leipzig VfB op 15th"]
[Site "Leipzig"]
[Date "2008.03.02"]
[Round "9"]
[White "Gerhardt, Dirk"]
[Black "Schlegel, Harald"]
[Result "1-0"]
[WhiteElo "2022"]
[BlackElo "1818"]
[PlyCount "89"]
[EventDate "2008.02.26"]
[EventType "swiss"]
[EventRounds "9"]
[EventCountry "GER"]
[SourceTitle "CBM 123 Extra"]
[Source "ChessBase"]
[SourceDate "2008.05.06"]
[SourceVersion "1"]
[SourceVersionDate "2008.05.06"]
[SourceQuality "1"]

1. d4 d5 2. Nf3 Nf6 3. c4 c6 4. e3 Bf5 5. Qb3 Qb6 6. cxd5 Bxb1 7. Rxb1 Qxb3 8. axb3 Nxd5 9. Bd2 e6 10. e4 Nb4 11. Rc1 N8a6 12. Ne5 f6 13. Nd3 Nxd3+ 14. Bxd3 Nb4 15. Be2 Be7 16. Rc4 a5 17. 0-0 0-0 18. Bg4 f5 19. exf5 exf5 20. Bf3 Rad8 21. Ra1 Ra8 22. Re1 Rfe8 23. Re5 g6 24. d5 Bg5 25. Rxe8+ Rxe8 26. Bxb4 axb4 27. g3 Rd8 28. dxc6 bxc6 29. Rxb4 c5 30. Rc4 Be7 31. Rc2 Kg7 32. Be2 Rd4 33. Bc4 f4 34. f3 Bf6 35. Be2 Rb4 36. Bc4 fxg3 37. hxg3 Rb7 38. Rd2 Re7 39. Kg2 Bd4 40. f4 Re1 41. b4 Rb1 42. b3 Rg1+ 43. Kf3 Re1 44. b5 Re7 45. Ra2 1-0

[Event "Leipzig VfB op 15th"]
[Site "Leipzig"]
[Date "2008.03.01"]
[Round "8"]
[White "Hillmann, Michael"]
[Black "Gerhardt, Dirk"]
[Result "1-0"]
[WhiteElo "2088"]
[BlackElo "2022"]
[PlyCount "149"]
[EventDate "2008.02.26"]
[EventType "swiss"]
[EventRounds "9"]
[EventCountry "GER"]
[SourceTitle "CBM 123 Extra"]
[Source "ChessBase"]
[SourceDate "2008.05.06"]
[SourceVersion "1"]
[SourceVersionDate "2008.05.06"]
[SourceQuality "1"]

1. d4 d5 2. Nf3 Nf6 3. c3 c6 4. e3 Bf5 5. Nbd2 Nbd7 6. Nh4 e6 7. Nxf5 exf5 8. g3 Be7 9. Bg2 0-0 10. 0-0 Ne4 11. Qc2 b5 12. f3 Nd6 13. e4 fxe4 14. fxe4 Nb6 15. e5 Ndc4 16. Nf3 c5 17. b3 Na5 18. Be3 Nb7 19. Nh4 Bg5 20. Bxg5 Qxg5 21. Rf4 cxd4 22. cxd4 Rac8 23. Qd3 g6 24. Qxb5 Nd8 25. Qd3 Ne6 26. Rff1 Rc7 27. Nf3 Qh6 28. Rad1 Rfc8 29. Qd2 Qxd2 30. Rxd2 Rc2 31. Rfd1 R8c3 32. Kf2 a5 33. Ne1 Rc1 34. Rxc1 Rxc1 35. Nc2 Kf8 36. Ne3 Nc7 37. Rc2 Rxc2+ 38. Nxc2 Ke7 39. Ke3 g5 40. Ne1 h6 41. Nd3 a4 42. Bh3 axb3 43. axb3 Nb5 44. Nc5 Na7 45. Na4 Na8 46. Bf1 Nc7 47. b4 f6 48. exf6+ Kxf6 49. Nc3 Ke7 50. b5 Ne6 51. Nxd5+ Kd6 52. Nc3 Nd8 53. Kd3 Nc8 54. Na4 Ne7 55. Bg2 h5 56. Nc5 Kc7 57. Kc4 h4 58. g4 Ng6 59. Na4 Nf4 60. Bf3 h3 61. b6+ Kd6 62. b7 Kc7 63. Nc5 Nxb7 64. Bxb7 Ng2 65. Kd3 Kd6 66. Ne4+ Kc7 67. Ba6 Ne1+ 68. Ke2 Nc2 69. d5 Nd4+ 70. Kd3 Nf3 71. Ke3 Nxh2 72. Be2 Nxg4+ 73. Bxg4 h2 74. Bf3 g4 75. Bh1 1-0

[Event "Leipzig VfB op 15th"]
[Site "Leipzig"]
[Date "2008.02.29"]
[Round "5"]
[White "Just, Wolfgang"]
[Black "Gerhardt, Dirk"]
[Result "1/2-1/2"]
[WhiteElo "2168"]
[BlackElo "2022"]
[PlyCount "103"]
[EventDate "2008.02.26"]
[EventType "swiss"]
[EventRounds "9"]
[EventCountry "GER"]
[SourceTitle "CBM 123 Extra"]
[Source "ChessBase"]
[SourceDate "2008.05.06"]
[SourceVersion "1"]
[SourceVersionDate "2008.05.06"]
[SourceQuality "1"]

1. e4 g6 2. d4 Bg7 3. f4 d5 4. e5 h5 5. Nf3 Nh6 6. c4 c6 7. Nc3 Bg4 8. cxd5 cxd5 9. Bb5+ Bd7 10. Qb3 e6 11. Bxd7+ Qxd7 12. Nb5 Nf5 13. Bd2 Nc6 14. Bb4 Bf8 15. Bxf8 Kxf8 16. 0-0-0 a6 17. Nc3 b5 18. Ne2 Kg7 19. Ng3 Na5 20. Nxf5+ exf5 21. Qd3 Rhc8+ 22. Kb1 Rc6 23. Rc1 Rac8 24. Nd2 Nc4 25. Nxc4 bxc4 26. Qa3 Rb6 27. Rhd1 Rcb8 28. Rd2 Qb7 29. g3 Rb4 30. h3 Qb5 31. Rc3 Rb6 32. Ka1 Rc6 33. Re2 Ra4 34. Qe7 Qa5 35. a3 Re6 36. Qd7 Rb4 37. g4 Qb5 38. Qxb5 Rxb5 39. gxf5 gxf5 40. Rg3+ Kh6 41. Reg2 Rb3 42. Rxb3 cxb3 43. Rg3 Rb6 44. Kb1 a5 45. Kc1 a4 46. Kd2 Rc6 47. Rc3 Rg6 48. Re3 Rg2+ 49. Re2 Rg3 50. e6 fxe6 51. Rxe6+ Kg7 52. Re3 1/2-1/2

[Event "Leipzig VfB op 15th"]
[Site "Leipzig"]
[Date "2008.02.29"]
[Round "6"]
[White "Schumacher, Gottfried"]
[Black "Gerhardt, Dirk"]
[Result "1/2-1/2"]
[WhiteElo "2167"]
[BlackElo "2022"]
[PlyCount "112"]
[EventDate "2008.02.26"]
[EventType "swiss"]
[EventRounds "9"]
[EventCountry "GER"]
[SourceTitle "CBM 123 Extra"]
[Source "ChessBase"]
[SourceDate "2008.05.06"]
[SourceVersion "1"]
[SourceVersionDate "2008.05.06"]
[SourceQuality "1"]

1. d4 d5 2. c4 e6 3. Nc3 f5 4. Nf3 Nf6 5. Bg5 Be7 6. e3 0-0 7. Qb3 c6 8. Rc1 Nbd7 9. g3 Ne4 10. Bxe7 Qxe7 11. Bg2 Ndf6 12. 0-0 g5 13. Rc2 Qg7 14. Ne5 g4 15. f3 Nd6 16. Ne2 Nf7 17. Nxf7 Rxf7 18. Nf4 h5 19. Nd3 Qh6 20. Ne5 Rh7 21. Re1 Nd7 22. f4 Qf8 23. Rec1 Nb6 24. Bf1 Qd8 25. a4 a5 26. Rc3 Nd7 27. Qa3 Nb8 28. Bd3 Na6 29. cxd5 exd5 30. Bxa6 Rxa6 31. Qc5 Qf8 32. Qxf8+ Kxf8 33. Rc5 Be6 34. R1c3 Ke7 35. Rb3 Kd6 36. Kg2 Rg7 37. Rc1 Ra8 38. Nd3 Bc8 39. Nc5 Kc7 40. Rxb7+ Bxb7 41. Ne6+ Kd6 42. Nxg7 Rf8 43. Rc5 Ba6 44. Rxa5 Bd3 45. b4 Rb8 46. b5 cxb5 47. axb5 Rc8 48. Ra2 Bxb5 49. Nxf5+ Ke6 50. Nh4 Bd3 51. Rb2 Kf6 52. Rb6+ Kg7 53. f5 Rc2+ 54. Kg1 Rc1+ 55. Kf2 Rc2+ 56. Kg1 Rc1+ 1/2-1/2

[Event "Leipzig VfB op 11th"]
[Site "Leipzig"]
[Date "2004.03.17"]
[Round "3"]
[White "Eichner, Sebastian"]
[Black "Gerhardt, Dirk"]
[Result "1-0"]
[WhiteElo "2276"]
[BlackElo "2027"]
[PlyCount "37"]
[EventDate "2004.03.16"]
[EventType "swiss"]
[EventRounds "9"]
[EventCountry "GER"]
[SourceTitle "EXT 2007"]
[Source "ChessBase"]
[SourceDate "2006.11.23"]
[SourceVersion "1"]
[SourceVersionDate "2006.11.23"]
[SourceQuality "1"]

1. e4 g6 2. d4 c6 3. c4 Bg7 4. Nc3 d6 5. Be2 e5 6. Nf3 Nd7 7. 0-0 Ne7 8. Be3 0-0 9. Qb3 Qc7 10. Rfd1 Nf6 11. dxe5 dxe5 12. Bc5 Ne8 13. Rd2 Bh6 14. Rd3 b6 15. Ba3 Rb8 16. Qa4 c5 17. Rad1 Nc6 18. Nd5 Qb7 19. Qxc6 1-0

[Event "Leipzig VfB op 11th"]
[Site "Leipzig"]
[Date "2004.03.16"]
[Round "1"]
[White "Gerhardt, Dirk"]
[Black "Huba, Mark J"]
[Result "1/2-1/2"]
[WhiteElo "2027"]
[BlackElo "1488"]
[PlyCount "87"]
[EventDate "2004.03.16"]
[EventType "swiss"]
[EventRounds "9"]
[EventCountry "GER"]
[SourceTitle "EXT 2007"]
[Source "ChessBase"]
[SourceDate "2006.11.23"]
[SourceVersion "1"]
[SourceVersionDate "2006.11.23"]
[SourceQuality "1"]

1. d4 Nf6 2. Nf3 e6 3. Bg5 Be7 4. e3 c5 5. c3 Ne4 6. Bxe7 Qxe7 7. Bd3 Nf6 8. Nbd2 b6 9. Qe2 Bb7 10. e4 0-0 11. 0-0 d6 12. e5 dxe5 13. dxe5 Nd5 14. Bb1 f6 15. Qe4 f5 16. Qc2 Nc6 17. Re1 Rad8 18. a3 Nf4 19. Ba2 b5 20. c4 b4 21. Bb1 Nd4 22. Nxd4 cxd4 23. g3 d3 24. Qb3 Nh3+ 25. Kf1 f4 26. Bxd3 fxg3 27. f3 Bxf3 28. Bxh7+ Kxh7 29. Nxf3 Rxf3+ 30. Qxf3 Rf8 31. Qxf8 Qxf8+ 32. Kg2 Nf4+ 33. Kxg3 Qf5 34. axb4 Nh5+ 35. Kg2 Qg4+ 36. Kf2 Qf4+ 37. Ke2 Qxc4+ 38. Kd2 Qxb4+ 39. Kc2 Qc4+ 40. Kb1 Qd3+ 41. Ka2 Nf4 42. Rad1 Qa6+ 43. Kb1 Nd3 44. Re3 1/2-1/2

[Event "Liberec op"]
[Site "Liberec"]
[Date "2003.10.31"]
[Round "8.6"]
[White "Gerhardt, Dirk"]
[Black "Prange, Dieter"]
[Result "0-1"]
[WhiteElo "2021"]
[BlackElo "2185"]
[PlyCount "58"]
[EventDate "2003.10.28"]
[EventType "swiss"]
[EventRounds "9"]
[EventCountry "CZE"]
[SourceTitle "EXT 2004"]
[Source "ChessBase"]
[SourceDate "2003.11.25"]
[SourceVersion "1"]
[SourceVersionDate "2003.11.25"]
[SourceQuality "1"]

1. d4 Nf6 2. Nf3 g6 3. Bg5 Bg7 4. Nbd2 d5 5. e3 Nbd7 6. Bd3 c5 7. c3 a5 8. a4 c4 9. Bc2 Qc7 10. Bf4 Qb6 11. Rb1 Nh5 12. Bg3 Nxg3 13. hxg3 e5 14. dxe5 0-0 15. Nd4 Nxe5 16. N2f3 Bg4 17. Qd2 Rfe8 18. Nxe5 Bxe5 19. f4 Bxd4 20. cxd4 Qb4 21. e4 Bf5 22. Kd1 Bxe4 23. b3 cxb3 24. Rxb3 Bxc2+ 25. Qxc2 Qxd4+ 26. Rd3 Qa1+ 27. Qc1 Qxa4+ 28. Kd2 Rac8 29. Qb2 Qe4 0-1

[Event "Leipzig VfB op 10th"]
[Site "Leipzig"]
[Date "2003.03.15"]
[Round "7"]
[White "Gerhardt, Dirk"]
[Black "Dobierzin, Olaf"]
[Result "1/2-1/2"]
[WhiteElo "2041"]
[BlackElo "2161"]
[PlyCount "59"]
[EventDate "2003.03.11"]
[EventType "swiss"]
[EventRounds "9"]
[EventCountry "GER"]
[SourceTitle "EXT 2008"]
[Source "ChessBase"]
[SourceDate "2007.11.25"]
[SourceVersion "1"]
[SourceVersionDate "2007.11.25"]
[SourceQuality "1"]

1. d4 Nf6 2. Nf3 d6 3. Bg5 Nbd7 4. Nbd2 g6 5. c3 Bg7 6. e3 0-0 7. Bc4 c6 8. Qc2 Qc7 9. 0-0 e5 10. dxe5 Nxe5 11. Nxe5 dxe5 12. e4 Re8 13. Rad1 Be6 14. Rfe1 Rad8 15. Bb3 Rd7 16. Nc4 Red8 17. Rxd7 Rxd7 18. Be3 b6 19. f3 Rd8 20. Rd1 Rxd1+ 21. Qxd1 Nd7 22. Qd6 Qc8 23. Qa3 Qb8 24. Qd6 Qc8 25. Bf2 Bf8 26. Qd1 Qc7 27. Ne3 Bxb3 28. Qxb3 Nc5 29. Qd1 Ne6 30. Ng4 1/2-1/2

[Event "Leipzig VfB op 10th"]
[Site "Leipzig"]
[Date "2003.03.13"]
[Round "4"]
[White "Neubert, Frank"]
[Black "Gerhardt, Dirk"]
[Result "0-1"]
[WhiteElo "1681"]
[BlackElo "2041"]
[PlyCount "96"]
[EventDate "2003.03.11"]
[EventType "swiss"]
[EventRounds "9"]
[EventCountry "GER"]
[SourceTitle "EXT 2008"]
[Source "ChessBase"]
[SourceDate "2007.11.25"]
[SourceVersion "1"]
[SourceVersionDate "2007.11.25"]
[SourceQuality "1"]

1. e4 e5 2. Nf3 Nc6 3. Bb5 a6 4. Bxc6 dxc6 5. d4 exd4 6. Qxd4 Qxd4 7. Nxd4 c5 8. Nb3 Bd7 9. Be3 b6 10. 0-0 0-0-0 11. Nc3 Ne7 12. f4 g6 13. a4 a5 14. Rfe1 Bg7 15. e5 Bf5 16. Rac1 Nc6 17. Nd2 h5 18. Nde4 Nb4 19. Bd2 Rd7 20. Nb1 Rhd8 21. Bxb4 cxb4 22. Kf2 Rd4 23. Kf3 Bd7 24. Ng5 Bh6 25. b3 Bxg5 26. fxg5 Rg4 27. g3 Bc6+ 28. Kf2 Rxg5 29. e6 Rf5+ 30. Kg1 f6 31. e7 Re8 32. Rcd1 Re5 33. c3 bxc3 34. Nxc3 R8xe7 35. Rxe5 Rxe5 36. Kf2 Re6 37. Rd4 Rd6 38. Ke3 Rxd4 39. Kxd4 Kd7 40. Ne2 g5 41. Kc4 Kd6 42. Nd4 Bd5+ 43. Kc3 Be4 44. Nb5+ Kd7 45. Na3 c6 46. Nc4 Kc7 47. Nd2 Bd5 48. Kd4 Kd6 0-1